Statistics for Apex Predator - Mean Girls The Musical Lyrics

Click here to take the quiz!

General Stats

  • This quiz has been taken 86 times
  • The average score is 200 of 278

Answer Stats

CharacterLyrics% Correct
a
100%
I
100%
The
100%
the
100%
of
98%
She
98%
she
98%
be
95%
do
95%
Do
95%
Is
95%
is
95%
apex
93%
predator
93%
by
91%
"don't
91%
(Janis)Don't
91%
(Janis & Cady)No,
91%
not
91%
Not
91%
pink
91%
playing
91%
dolls
90%
fooled
90%
her
88%
in
88%
In
88%
kill
88%
For
86%
halls
86%
stalking
86%
thrill
86%
queen
84%
school
84%
and
83%
And
83%
can
83%
She's
83%
what
83%
When
83%
(Cady)At
81%
me"
81%
Every
79%
Regina
79%
aware
78%
beasts
78%
eat
78%
hair
78%
stare
78%
this
78%
food
76%
go
76%
They
76%
to
76%
George
74%
its
74%
it's
74%
like
74%
Like
74%
shake
74%
steak
74%
you
74%
attack
72%
has
72%
chain
71%
eats
71%
perfectly
71%
still
71%
With
71%
with
71%
All
69%
cat
69%
say
69%
tosses
69%
your
69%
biosphere
67%
eyes
67%
hole
67%
pant
67%
watering
67%
See
66%
smell
66%
their
66%
them
66%
Watch
66%
who
66%
does
64%
fear
64%
girls
64%
Janis
64%
mess
64%
that
64%
have
62%
Have
62%
jungle
62%
nice
62%
can't
60%
fur
60%
mice
60%
power
60%
scatter
60%
acme
59%
less
59%
lioness
59%
literally
59%
People
59%
cower
57%
From
57%
great
57%
kind
57%
Only
57%
I'm
55%
sweat
53%
though
53%
my
52%
mane
50%
was
50%
weren't
50%
mark
48%
territory
48%
As
47%
beastly
47%
pride
47%
because
45%
But
45%
claws
45%
kinda
45%
follow
43%
fun
43%
Now
43%
reproductive
43%
safe
43%
cool
41%
our
41%
ride
41%
think
41%
threat
41%
us
41%
any
40%
chance
40%
Did
40%
doesn't
40%
exotic
40%
hitched
40%
new
40%
victim,
40%
I'd
38%
if
38%
know
38%
pet
38%
protected
38%
quarry
38%
train
38%
Will
38%
yet
38%
bares
36%
How
36%
(Cady)So
36%
suspected
36%
day
34%
Gotta
34%
(Cady)Jesus,
34%
keep
34%
prey
34%
braid
33%
heart
33%
outsmart
33%
things
33%
you're
29%
friends
28%
peron
5%

Score Distribution

Percentile by Number Answered

Percent of People with Each Score

Your Score History

You have not taken this quiz